Štúdia

Reprodukcia kresby dievčenskej hlavy z r. 1906

Bibliographic Details
Main Author: Dědina, Jan, 1870-1955 (Author)
Format: Article
Language:Slovak
Subjects:

MARC

LEADER 00000nab a22000001a 4500
001 vtls008997980
003 SK-MaSNL
005 20260303065826.0
008 070611d1932 xo |r|p|||| |000 b|slo
015 |a SNBRRBVU1918-1938 
038 |a SNKBUCL 
038 |a SNKBUVU 
040 |a SNKBUVU  |b slo  |c SNKBUCL  |e AACR2 
041 0 |a slo 
044 |a xo  |c SK 
080 |a 75.05:741/744  |2 1997 
080 |a 741/744  |2 1997 
100 1 |a Dědina, Jan,  |d 1870-1955   |4 aut  |9 102782 
245 1 0 |a Štúdia  |c J. Dědina 
500 |a Dědina, Jan - čes. maliar, ilustrátor a kresliar (1.9.1870 Straky u Nymburku - 14.1.1955 Tatobity u Turnova) 
520 |a Reprodukcia kresby dievčenskej hlavy z r. 1906 
650 0 7 |a české maliarstvo  |2 MM  |9 3112 
650 0 7 |a kresby  |2 MM  |9 30084 
655 7 |a reprodukcie výtvarných diel  |2 MM  |9 310790 
773 0 |t Vesna  |g Roč. 6, č. 6 (1932), s. 122 
852 |a SNK  |b KIS3GCP 
910 |a snkrbvumm 
958 |a VY 
958 |a CZ 
999 |c 1752893  |d 1754823